[Event "Campeonato de España Universitario 2006"]
[Site "Madrid ESP "]
[Date "2006.05.08"]
[Round "7.13"]
[White "Cuesta Bustos, Raul"]
[Black "Llaneza Vega, Marcos"]
[Result "1/2-1/2"]
[WhiteElo "2158"]
[BlackElo "2361"]
[PlyCount "108"]
[EventDate "2006.05.06"]
[EventType "swiss"]
[EventRounds "9"]
[EventCountry "ESP"]
[Source "lmi"]
[SourceDate "2006.05.10"]

1. e4 c5 2. d4 cxd4 3. c3 dxc3 4. Nxc3 Nc6 5. Nf3 e6 6. Bc4 Qc7 7. Qe2 Nf6 8.
O-O Ng4 9. g3 Nge5 10. Nxe5 Nxe5 11. Bb3 d6 12. Nb5 Qb8 13. Be3 a6 14. Nc3 Be7
15. f4 Nc6 16. Na4 b5 17. Nb6 O-O 18. Nxa8 Qxa8 19. Rfd1 Bb7 20. Bb6 Nb8 21.
Bc2 Nd7 22. Bf2 Nf6 23. Re1 e5 24. Rad1 Re8 25. Bb6 exf4 26. gxf4 Bf8 27. Rd4
Nd7 28. Ba5 d5 29. Bb4 Nc5 30. e5 Ne6 31. Qd3 g6 32. f5 Nxd4 33. Qxd4 Bxb4 34.
Qxb4 Qa7+ 35. Kf1 d4 36. Qd6 Qb8 37. Qxd4 Qc8 38. e6 fxe6 39. Rxe6 Rxe6 40.
fxe6 Qc4+ 41. Qxc4 bxc4 42. Ba4 Kf8 43. Ke2 Ke7 44. Bd7 Bd5 45. Ke3 c3 46. b3
Be4 47. b4 g5 48. Bc8 Bd5 49. Bxa6 Bxa2 50. Kd3 Bxe6 51. Kxc3 Kd6 52. Kd4 Bd5
53. b5 Ba8 54. b6 h5 1/2-1/2

[Event "Campeonato de España Universitario 2006"]
[Site "Madrid ESP "]
[Date "2006.05.08"]
[Round "7.14"]
[White "Gallardo Fernandez, Cesar"]
[Black "Navarro Cia, Miguel"]
[Result "1-0"]
[WhiteElo "2140"]
[BlackElo "2350"]
[PlyCount "89"]
[EventDate "2006.05.06"]
[EventType "swiss"]
[EventRounds "9"]
[EventCountry "ESP"]
[Source "lmi"]
[SourceDate "2006.05.10"]

1. e4 Nf6 2. Nc3 d5 3. e5 Ne4 4. Nce2 f6 5. d3 Ng5 6. Nf4 fxe5 7. Nxd5 Qxd5 8.
Bxg5 e4 9. Qd2 exd3 10. Bxd3 Qe5+ 11. Ne2 Qxb2 12. O-O Nc6 13. Rab1 Qxa2 14.
Nc3 Qf7 15. Nb5 e5 16. Bc4 Qxc4 17. Nxc7+ Kf7 18. Nxa8 Bb4 19. Qe3 Bf5 20. Nc7
Rc8 21. Qf3 Kg6 22. Nd5 Be4 23. Qg4 Bxd5 24. Bf4+ Kf7 25. Qf5+ Kg8 26. Qxc8+
Bf8 27. Be3 Qe4 28. Qh3 b6 29. Rfe1 Qxc2 30. Rbc1 Qg6 31. Qg3 Qf7 32. Bd2 Bd6
33. Qg4 h6 34. Qc8+ Kh7 35. Rxc6 Qg6 36. g3 Bxc6 37. Qxc6 Qd3 38. Be3 h5 39.
Bg5 Bc5 40. Qe4+ Qxe4 41. Rxe4 Kg6 42. Rxe5 a5 43. Be3 Kf6 44. Rxh5 Bxe3 45.
fxe3 1-0

[Event "Campeonato de España Universitario 2006"]
[Site "Madrid ESP "]
[Date "2006.05.08"]
[Round "7.15"]
[White "Alcazar Jimenez, Jesus"]
[Black "Paredes Sanchez, Juan"]
[Result "0-1"]
[WhiteElo "2316"]
[BlackElo "2188"]
[PlyCount "83"]
[EventDate "2006.05.06"]
[EventType "swiss"]
[EventRounds "9"]
[EventCountry "ESP"]
[Source "lmi"]
[SourceDate "2006.05.10"]

1. e4 c5 2. Nf3 d6 3. d4 cxd4 4. Nxd4 Nf6 5. Nc3 a6 6. Bg5 e6 7. f4 Qc7 8. Qf3
b5 9. O-O-O b4 10. e5 Bb7 11. Qe3 dxe5 12. fxe5 Nfd7 13. Na4 Nc6 14. Bb5 Rc8
15. Bc4 Qxe5 16. Qxe5 Ncxe5 17. Bb3 Be7 18. Bxe7 Kxe7 19. Rhe1 Rhd8 20. Nb6
Nxb6 21. Rxe5 Bd5 22. Rde1 Kf8 23. g4 a5 24. Bxd5 Rxd5 25. Rxd5 Nxd5 26. Nf3
Ke7 27. Re4 Nf6 28. Re5 Nd5 29. Re4 Rc5 30. h3 Nb6 31. Ne5 f6 32. Nd3 Rc4 33.
Rxc4 Nxc4 34. b3 Ne5 35. Nf4 Nc6 36. Kd2 e5 37. Nd5+ Kd6 38. Ne3 g6 39. Nc4+
Kd5 40. c3 f5 41. a4 bxa3 42. Nxa3 0-1

[Event "Campeonato de España Universitario 2006"]
[Site "Madrid ESP "]
[Date "2006.05.08"]
[Round "8.2"]
[White "Almagro Llamas, Pablo"]
[Black "Reinaldo Castiñeira, Roi"]
[Result "1/2-1/2"]
[WhiteElo "2357"]
[BlackElo "2441"]
[PlyCount "81"]
[EventDate "2006.05.06"]
[EventType "swiss"]
[EventRounds "9"]
[EventCountry "ESP"]
[Source "lmi"]
[SourceDate "2006.05.10"]

1. e4 c5 2. Nf3 e6 3. d4 cxd4 4. Nxd4 a6 5. Nc3 b5 6. Bd3 Bb7 7. Qe2 Nc6 8.
Nxc6 Bxc6 9. a4 b4 10. Nd5 Bd6 11. a5 Ne7 12. Nb6 Rb8 13. Bxa6 Bc7 14. Bd3 Bxb6
15. axb6 Qxb6 16. Bf4 Ra8 17. O-O O-O 18. Bd6 Rfe8 19. Qh5 Nc8 20. Qc5 Qxc5 21.
Bxc5 Rb8 22. b3 d6 23. Be3 Re7 24. Ra5 Rc7 25. Rfa1 Kf8 26. Kf1 Ke7 27. Ke2
Rcb7 28. h4 h6 29. f3 Kd7 30. h5 Ne7 31. g4 f6 32. Ra7 e5 33. Bd2 Ke6 34. Rxb7
Rxb7 35. Ra6 Kd7 36. Ra8 d5 37. Rh8 Ke6 38. Rh7 Ng8 39. Rh8 Ne7 40. Rh7 Ng8 41.
Rh8 1/2-1/2

[Event "Campeonato de España Universitario 2006"]
[Site "Madrid ESP "]
[Date "2006.05.08"]
[Round "8.3"]
[White "Perez Candelario, Manuel"]
[Black "Baron Rodriguez, Jesus"]
[Result "0-1"]
[WhiteElo "2511"]
[BlackElo "2402"]
[PlyCount "136"]
[EventDate "2006.05.06"]
[EventType "swiss"]
[EventRounds "9"]
[EventCountry "ESP"]
[Source "lmi"]
[SourceDate "2006.05.10"]

1. e4 e6 2. d4 d5 3. Nd2 c5 4. exd5 Qxd5 5. Ngf3 cxd4 6. Bc4 Qd6 7. O-O Nf6 8.
Nb3 Nc6 9. Nbxd4 Nxd4 10. Nxd4 a6 11. Bb3 Qc7 12. Qf3 Bd6 13. Kh1 O-O 14. Bg5
Nd7 15. c3 Ne5 16. Qh5 Ng6 17. Bc2 h6 18. Be3 Nf4 19. Qh4 Bd7 20. Rad1 Rad8 21.
Nf3 e5 22. Bxf4 exf4 23. Nd4 Rfe8 24. Bb3 Qc5 25. f3 Qg5 26. Qf2 Bc5 27. Qc2 h5
28. Bc4 h4 29. Qb3 Re7 30. Rd2 Rde8 31. Qd1 h3 32. Bd3 Qh4 33. Be4 hxg2+ 34.
Rxg2 Bh3 35. Rfg1 Bxg2+ 36. Rxg2 Bxd4 37. Qxd4 Qh6 38. Rg4 Kf8 39. Qd2 Qh3 40.
Qxf4 Rd7 41. Rg1 Red8 42. c4 Rd1 43. Bd5 Rxg1+ 44. Kxg1 Qd7 45. h4 Qe7 46. Kg2
b6 47. h5 Rd6 48. Qf5 Qf6 49. Qc8+ Rd8 50. Qxa6 Qxb2+ 51. Kh3 Qd4 52. Qa3+ Qc5
53. Qd3 Re8 54. Qf5 Qc8 55. Kg4 Qxf5+ 56. Kxf5 Rc8 57. Ke5 Ke7 58. f4 Rc5 59.
Kd4 Ra5 60. Kc3 Ra3+ 61. Kb2 Rh3 62. a4 f6 63. c5 bxc5 64. a5 Rxh5 65. Bf3 Rh2+
66. Kb1 Rh3 67. Be2 Ra3 68. a6 g5 0-1

[Event "Campeonato de España Universitario 2006"]
[Site "Madrid ESP "]
[Date "2006.05.08"]
[Round "8.4"]
[White "Llanes Hurtado, Miguel"]
[Black "Camarena Gimenez, Rufino"]
[Result "1/2-1/2"]
[WhiteElo "2435"]
[BlackElo "2342"]
[PlyCount "44"]
[EventDate "2006.05.06"]
[EventType "swiss"]
[EventRounds "9"]
[EventCountry "ESP"]
[Source "lmi"]
[SourceDate "2006.05.10"]

1. d4 d5 2. c4 c6 3. Nc3 Nf6 4. e3 g6 5. Nf3 Bg7 6. Qb3 O-O 7. Bd2 e6 8. Rc1
Nbd7 9. a4 Ne4 10. Qc2 f5 11. b4 Qe7 12. b5 Kh8 13. Bd3 Nxd2 14. Qxd2 dxc4 15.
Bxc4 e5 16. bxc6 bxc6 17. dxe5 Nxe5 18. Nxe5 Qxe5 19. O-O Rd8 20. Qa2 Rb8 21.
Rc2 Rb4 22. Ne2 Bd7 1/2-1/2

[Event "Campeonato de España Universitario 2006"]
[Site "Madrid ESP "]
[Date "2006.05.08"]
[Round "8.5"]
[White "Andres Gonzalez, Ivan"]
[Black "Navarro Ortiz de Ortuño, Borja"]
[Result "1/2-1/2"]
[WhiteElo "2330"]
[BlackElo "2250"]
[PlyCount "37"]
[EventDate "2006.05.06"]
[EventType "swiss"]
[EventRounds "9"]
[EventCountry "ESP"]
[Source "lmi"]
[SourceDate "2006.05.10"]

1. e4 e6 2. d4 d5 3. Nc3 Bb4 4. e5 Qd7 5. f4 b6 6. Nf3 Nh6 7. Bd3 Ba6 8. O-O
Bxd3 9. Qxd3 Nc6 10. Ne2 Be7 11. c3 Na5 12. Ng3 g6 13. b4 Nc4 14. Nd2 Nxd2 15.
Bxd2 O-O 16. Qa6 Qc8 17. Qd3 Qd7 18. Ne2 f5 19. exf6 1/2-1/2

[Event "Campeonato de España Universitario 2006"]
[Site "Madrid ESP "]
[Date "2006.05.08"]
[Round "8.7"]
[White "Martinez Lozano, Miguel Angel"]
[Black "Alcazar Jimenez, Victor"]
[Result "0-1"]
[WhiteElo "2177"]
[BlackElo "2423"]
[PlyCount "99"]
[EventDate "2006.05.06"]
[EventType "swiss"]
[EventRounds "9"]
[EventCountry "ESP"]
[Source "lmi"]
[SourceDate "2006.05.10"]

1. e4 c5 2. f4 Nc6 3. Nf3 g6 4. g3 Bg7 5. Bg2 e6 6. O-O Nge7 7. d3 O-O 8. c3 d5
9. e5 f6 10. exf6 Bxf6 11. Qe2 Qd6 12. Re1 Nf5 13. Ne5 b6 14. Nd2 Ng7 15. Ndf3
Ba6 16. Nxc6 Qxc6 17. Be3 Rae8 18. Bf2 Nf5 19. Rad1 Qc7 20. Ne5 Ne7 21. Ng4 Bc8
22. Nxf6+ Rxf6 23. d4 c4 24. Rf1 Rff8 25. Rde1 Nf5 26. Qd2 Nd6 27. Re2 Ne4 28.
Qc2 b5 29. a3 a5 30. Be1 Bb7 31. Bxe4 dxe4 32. Re3 Rf5 33. Bd2 Ref8 34. h4 Qc6
35. Be1 Qd5 36. Qh2 R5f7 37. Bd2 e5 38. dxe5 Qxe5 39. Ree1 Qf5 40. Be3 Rd7 41.
Qg2 Qg4 42. Kh2 Rfd8 43. f5 Rd3 44. Rf4 Qh5 45. Qf2 g5 46. g4 Qh6 47. Rxe4 Bxe4
48. Bxg5 Rd2 49. Bxh6 Rxf2+ 50. Kg1 0-1

[Event "Campeonato de España Universitario 2006"]
[Site "Madrid ESP "]
[Date "2006.05.08"]
[Round "8.8"]
[White "Franco Alonso, Alejandro"]
[Black "Romon Poves, Raul"]
[Result "1-0"]
[WhiteElo "2421"]
[BlackElo "2226"]
[PlyCount "103"]
[EventDate "2006.05.06"]
[EventType "swiss"]
[EventRounds "9"]
[EventCountry "ESP"]
[Source "lmi"]
[SourceDate "2006.05.10"]

1. d4 Nf6 2. c4 g6 3. Nc3 d5 4. cxd5 Nxd5 5. e4 Nxc3 6. bxc3 Bg7 7. Be3 c5 8.
Qd2 cxd4 9. cxd4 Nc6 10. Rd1 Bg4 11. Be2 Bxe2 12. Nxe2 O-O 13. O-O Rc8 14. Rc1
b6 15. Rc2 Qd7 16. Rfc1 Na5 17. d5 e6 18. Nf4 Rxc2 19. Qxc2 e5 20. Nd3 f5 21.
f3 fxe4 22. fxe4 Qg4 23. Nf2 Qd7 24. h3 h5 25. Qc7 Rf7 26. Qxd7 Rxd7 27. Nd3
Nb7 28. Kf1 Nd6 29. Nf2 Bf6 30. g3 Bd8 31. Rc6 Bc7 32. Ke2 Bb8 33. Bd2 Kg7 34.
Bc3 Nb5 35. Nd3 Nxc3+ 36. Rxc3 Bd6 37. Rc6 Kf7 38. a4 Ke7 39. Nxe5 Bxe5 40.
Re6+ Kf7 41. Rxe5 Rc7 42. Kd3 Rc1 43. Re6 Rg1 44. Kd4 Ra1 45. Ke5 Rxa4 46. Rc6
b5 47. Rc7+ Ke8 48. d6 g5 49. Kd5 Kd8 50. e5 Ra1 51. e6 Rd1+ 52. Kc6 1-0

[Event "Campeonato de España Universitario 2006"]
[Site "Madrid ESP "]
[Date "2006.05.08"]
[Round "8.10"]
[White "Gomez Peco, Pablo"]
[Black "Baches Garcia, Guillem"]
[Result "0-1"]
[WhiteElo "2174"]
[BlackElo "2379"]
[PlyCount "70"]
[EventDate "2006.05.06"]
[EventType "swiss"]
[EventRounds "9"]
[EventCountry "ESP"]
[Source "lmi"]
[SourceDate "2006.05.10"]

1. d4 Nf6 2. Nf3 e6 3. c3 c5 4. a3 b6 5. g3 Bb7 6. Bg2 Be7 7. O-O O-O 8. Bg5 d6
9. Ne1 Nc6 10. Nd3 Qc7 11. e3 e5 12. dxe5 dxe5 13. Qc2 c4 14. Nb4 Na5 15. Bxf6
Bxf6 16. Nd2 Rad8 17. Rad1 Be7 18. Nf3 Nb3 19. Rxd8 Rxd8 20. Rd1 a5 21. Na2 Nc5
22. Nc1 Be4 23. Rxd8+ Qxd8 24. Qd2 Qc7 25. Ne1 Qc6 26. f3 Bd5 27. e4 Be6 28.
Kf1 Na4 29. f4 f6 30. Nf3 exf4 31. gxf4 Bf7 32. e5 Bd5 33. Ne1 Bxg2+ 34. Nxg2
Qf3+ 35. Kg1 Bc5+ 0-1

[Event "Campeonato de España Universitario 2006"]
[Site "Madrid ESP "]
[Date "2006.05.08"]
[Round "8.11"]
[White "Pons Carreras, David"]
[Black "Gallardo Fernandez, Cesar"]
[Result "1/2-1/2"]
[WhiteElo "2295"]
[BlackElo "2140"]
[PlyCount "89"]
[EventDate "2006.05.06"]
[EventType "swiss"]
[EventRounds "9"]
[EventCountry "ESP"]
[Source "lmi"]
[SourceDate "2006.05.10"]

1. Nf3 d5 2. c4 dxc4 3. Qa4+ Nc6 4. g3 Nf6 5. Bg2 Bd7 6. Qxc4 e5 7. d3 Bd6 8.
O-O O-O 9. a3 Qe7 10. Nbd2 a6 11. b3 Be6 12. Qc2 Nh5 13. Nc4 h6 14. Bb2 Bg4 15.
b4 f5 16. h3 Bxf3 17. Bxf3 Qg5 18. Nxd6 cxd6 19. Kh2 Rac8 20. Qc4+ Kh7 21. Qe6
Rcd8 22. h4 Qf6 23. Qxf6 Nxf6 24. Rac1 d5 25. e3 e4 26. Be2 d4 27. Rxc6 bxc6
28. Bxd4 a5 29. Rc1 axb4 30. axb4 Rc8 31. Kg2 Nd5 32. dxe4 fxe4 33. Bg4 Rc7 34.
Be5 Rf6 35. Bd4 Rff7 36. Be6 Rfe7 37. Rxc6 Nxe3+ 38. Bxe3 Rxc6 39. Bd5 Rc2 40.
b5 Rc5 41. Bc6 Rxc6 42. bxc6 Re6 43. c7 Rc6 44. Bf4 g5 45. hxg5 1/2-1/2

[Event "Campeonato de España Universitario 2006"]
[Site "Madrid ESP "]
[Date "2006.05.08"]
[Round "8.12"]
[White "Hinojar Basa, Alfonso"]
[Black "Martin Perez, Javier"]
[Result "1-0"]
[WhiteElo "2173"]
[BlackElo "2283"]
[PlyCount "107"]
[EventDate "2006.05.06"]
[EventType "swiss"]
[EventRounds "9"]
[EventCountry "ESP"]
[Source "lmi"]
[SourceDate "2006.05.10"]

1. e4 e6 2. d4 d5 3. Nc3 Bb4 4. e5 Ne7 5. a3 Bxc3+ 6. bxc3 c5 7. Nf3 Qc7 8. h4
Bd7 9. h5 h6 10. a4 Nbc6 11. Bd3 cxd4 12. cxd4 Nxd4 13. Bb2 Ndc6 14. Rh4 O-O-O
15. Kf1 g6 16. Ba3 Nf5 17. Bxf5 gxf5 18. Bd6 Qa5 19. Rb1 Rdg8 20. Nd4 Rg4 21.
Rxg4 fxg4 22. Nxc6 Bxc6 23. Qxg4 Qxa4 24. Qg7 Rd8 25. Qxf7 Bd7 26. Qh7 Qh4 27.
Rb3 Qd4 28. Kg1 Qd2 29. Rg3 d4 30. Qf7 Qxc2 31. Rg8 Qc6 32. Rxd8+ Kxd8 33. Qf8+
Be8 34. Qe7+ Kc8 35. Qxe6+ Bd7 36. Qg8+ Be8 37. Qg4+ Bd7 38. Qxd4 Qc1+ 39. Kh2
Qg5 40. Qc4+ Bc6 41. Qe6+ Kd8 42. Qf6+ Qxf6 43. exf6 Ke8 44. g4 Kf7 45. Be5 b5
46. f4 b4 47. g5 hxg5 48. fxg5 Be4 49. Kg3 a5 50. Kf4 Bc2 51. Bc7 a4 52. Bd6 b3
53. Ba3 Bb1 54. Ke5 1-0

[Event "Campeonato de España Universitario 2006"]
[Site "Madrid ESP "]
[Date "2006.05.08"]
[Round "8.13"]
[White "Sarralde Osua, Rodrigo"]
[Black "Llaneza Vega, Patricia"]
[Result "1-0"]
[WhiteElo "2132"]
[BlackElo "2276"]
[PlyCount "93"]
[EventDate "2006.05.06"]
[EventType "swiss"]
[EventRounds "9"]
[EventCountry "ESP"]
[Source "lmi"]
[SourceDate "2006.05.10"]

1. e4 c5 2. Nf3 Nc6 3. Bb5 Nf6 4. Nc3 Qc7 5. O-O Nd4 6. Bc4 a6 7. a4 d6 8. h3
e6 9. d3 Be7 10. Be3 e5 11. Ng5 O-O 12. f4 h6 13. Nf3 Bd7 14. fxe5 dxe5 15. Nh4
Be6 16. Bxe6 fxe6 17. Ng6 Rf7 18. Nxe7+ Qxe7 19. Ne2 Rd8 20. c3 Nc6 21. Qc2 b6
22. Rad1 Rd6 23. Nc1 Qd8 24. Rd2 Rfd7 25. Rdf2 Rf7 26. Rf3 Kh7 27. Qf2 Rdd7 28.
g4 c4 29. Qh4 cxd3 30. Nb3 Kg8 31. Nd2 Nh7 32. Qxd8+ Nxd8 33. Rxf7 Nxf7 34.
Bxb6 Nhg5 35. Kg2 Nd6 36. Re1 Rb7 37. a5 Ngxe4 38. Rxe4 Nxe4 39. Nxe4 Rd7 40.
Nd2 Kf7 41. Kf3 Ke7 42. Ke4 Kd6 43. Nc4+ Ke7 44. Be3 Rd5 45. Bd2 Kf6 46. b4 Ke7
47. Nxe5 1-0

[Event "Campeonato de España Universitario 2006"]
[Site "Madrid ESP "]
[Date "2006.05.08"]
[Round "8.14"]
[White "Fernandez Gil, Marco Antonio"]
[Black "Ruiz Marana, Alejandro"]
[Result "1/2-1/2"]
[WhiteElo "2267"]
[BlackElo "2130"]
[PlyCount "97"]
[EventDate "2006.05.06"]
[EventType "swiss"]
[EventRounds "9"]
[EventCountry "ESP"]
[Source "lmi"]
[SourceDate "2006.05.10"]

1. e4 d5 2. exd5 Qxd5 3. Nc3 Qa5 4. Bc4 Nf6 5. d3 c6 6. Nge2 Bg4 7. f3 Bf5 8.
Ng3 Bg6 9. f4 e6 10. O-O Be7 11. Qf3 Bf5 12. Nxf5 Qxf5 13. Kh1 Nbd7 14. Ne4 O-O
15. Bd2 Rad8 16. Rae1 Nxe4 17. Rxe4 Bd6 18. a3 Nf6 19. Re2 Rfe8 20. c3 e5 21.
fxe5 Qxf3 22. Rxf3 Bxe5 23. d4 Bd6 24. Bg5 Rxe2 25. Bxe2 Re8 26. Re3 Rxe3 27.
Bxe3 Nd5 28. Bd2 Kf8 29. g3 Ke7 30. Kg2 h6 31. Bf3 Nb6 32. Be2 g5 33. c4 Nd7
34. h4 f6 35. Bf3 Nf8 36. c5 Bb8 37. d5 cxd5 38. Bxd5 b6 39. Bb4 a5 40. Bc3
bxc5 41. Bxa5 Be5 42. hxg5 hxg5 43. b4 cxb4 44. axb4 Bc3 45. Kf3 f5 46. Ke3 Kd6
47. Bb3 Nd7 48. Bc2 Ke6 49. Bd8 1/2-1/2

[Event "Campeonato de España Universitario 2006"]
[Site "Madrid ESP "]
[Date "2006.05.08"]
[Round "8.15"]
[White "Gonzalez Menendez, Ivan"]
[Black "Cuesta Bustos, Raul"]
[Result "1-0"]
[WhiteElo "2413"]
[BlackElo "2158"]
[PlyCount "79"]
[EventDate "2006.05.06"]
[EventType "swiss"]
[EventRounds "9"]
[EventCountry "ESP"]
[Source "lmi"]
[SourceDate "2006.05.10"]

1. e4 e6 2. d4 d5 3. Nd2 Nf6 4. e5 Nfd7 5. Bd3 c5 6. c3 b6 7. Ne2 Ba6 8. Bxa6
Nxa6 9. O-O Nc7 10. Ng3 g6 11. Nf3 h5 12. Bg5 Be7 13. h4 Nb8 14. dxc5 bxc5 15.
b4 cxb4 16. cxb4 O-O 17. Bh6 Re8 18. Nd4 Bxh4 19. Nxh5 Kh7 20. Be3 Rh8 21. Qc2
Kg8 22. Nf4 g5 23. Nd3 Ne8 24. Nc5 Qc7 25. g3 Qxe5 26. Nf3 Qc7 27. Bd4 Rh7 28.
Be5 Qe7 29. Kg2 Nc6 30. gxh4 Nxe5 31. Nxe5 Qf6 32. Ncd7 Qf4 33. Rh1 gxh4 34.
Rag1 Rg7+ 35. Kf1 Nd6 36. Rxg7+ Kxg7 37. Rg1+ Kh8 38. Rg4 Qh2 39. Nf6 Qh3+ 40.
Ke2 1-0